Statistiques concernant Devinez le Pays Mystère #135

Cliquez ici pour prendre le quiz!

Statistiques générales

  • Ce quiz a été pris 270 fois
  • Le résultat moyen est 9 sur 13

Statistiques - réponses

Type de RéponseRéponse% Correct
Lettre TrouvéeA
100%
Lettre TrouvéeN
97%
Lettre TrouvéeL
85%
Lettre TrouvéeA
76%
Lettre Bien PlacéeA
70%
Lettre TrouvéeO
66%
Lettre TrouvéeG
58%
Lettre Bien PlacéeL
54%
Lettre Bien PlacéeA
52%
Pays MystèreAngola
52%
Lettre Bien PlacéeG
52%
Lettre Bien PlacéeN
52%
Lettre Bien PlacéeO
52%

Distribution des résultats

Percentile par nombre de réponses

% des personnes avec chaque résultat

Votre développement - résultats

Vous n’avez pas pris ce quiz